000 00930cam a2200265 a 4500
999 _c128944
_d128944
001 959049
003 ARRUPE
005 20190208114150.0
008 880908s1983 rh af b 000 0 eng
010 _a 84158765
040 _aDLC
_cDLC
_dDLC
043 _af-rh---
050 0 0 _aSPC. DT2942.
_bM993 1983
082 0 0 _a968.91/01
_219
100 1 _aMufuka, K. Nyamayaro.
_944519
245 1 0 _aDzimbahwe :
_blife and politics in the Golden Age, 1100-1500 A.D. /
_cby Ken Mufuka ; assisted by K. Muzvidzwa and J. Nemerai.
260 _aHarare, Zimbabwe :
_bHarare Pub. House,
_cc1983.
300 _a58 p., [8] p. of plates :
_bill. ;
_c21 cm.
504 _aBibliography: p. 54-58.
650 0 _aShona (African people)
_xSocial life and custom
_944520
651 0 _aGreat Zimbabwe (Extinct city)
_xCivilization.
_944521
651 0 _aZimbabwe
_xAntiquities
_99546
700 1 _aMuzvidzwa, K.
_944522
700 1 _aNemerai, J.
_944523
906 _a7
_bcbc
_corignew
_d3
_encip
_f19
_gy-gencatlg
942 _2lcc
_cSPC